• 首页
  • 本馆介绍
  • 公告通知
  • 最新文献
  • 馆藏检索
  • 电子资源
  • 读者导购
  • 参考咨询
  • 我的图书馆
  • 登录
  • 详细信息显示
  • 放入我的书架
  • 预约/预借图书
  • 作者相关作品
  • 分类相关作品
  • 丛书相关作品
  • 出版社相关作品

书目信息

  • 表格格式
  • 工作单格式
  • 卡片格式
题名:
山登绝顶
    
 
作者: 张卫民 著
分册:  
出版信息: 上海   上海三联书店  2021.03
页数: 283页
开本: 23cm
丛书名:
单 册:
中图分类: I227.7
科图分类:
主题词: 古体诗--gu ti shi--诗集--中国--当代
电子资源:
ISBN: 978-7-5426-7329-9
000 01001nam0 2200241 450
001 CAL 012023009733
005 20230217093113.0
010    @a978-7-5426-7329-9@dCNY68.00
100    @a20230116d2021 em y0chiy0120 ea
101 0  @achi
102    @aCN@b310000
105    @ay z 000gy
106    @ar
200 1  @a山登绝顶@Ashan deng jue ding@f张卫民著
210    @a上海@c上海三联书店@d2021.03
215    @a283页@d23cm
314    @a张卫民, 江西省作家协会会员、江西省书法家协会会员、中华诗词学会会员、江西省诗词学会会员、赣州市诗联学会名誉会长。
330    @a本书内容包括: 水调歌头·赞毛泽东 ; 共和国十大元帅杂咏 (组诗) ; 序诗 ; 咏朱德 ; 咏彭德怀 ; 咏林彪 ; 咏刘伯承 ; 咏贺龙 ; 咏陈毅 ; 咏罗荣桓 ; 咏徐向前 ; 咏聂荣臻 ; 咏叶剑英 ; 咏决战之夜 ; 著名革命英烈杂咏 (组诗) ; 咏李大钊 ; 咏周文雍、陈铁军 ; 咏夏明翰等。
606 0  @a古体诗@Agu ti shi@x诗集@y中国@z当代
690    @aI227.7@v5
701  0 @a张卫民@Azhang wei min@4著
801  0 @aCN@bBJXHZP@c20230228
905    @b1397086-9@dI227.7@e794@f4
    
    山登绝顶/张卫民著.-上海:上海三联书店,2021.03
    283页;23cm
    
    
    ISBN 978-7-5426-7329-9:CNY68.00
    本书内容包括: 水调歌头·赞毛泽东 ; 共和国十大元帅杂咏 (组诗) ; 序诗 ; 咏朱德 ; 咏彭德怀 ; 咏林彪 ; 咏刘伯承 ; 咏贺龙 ; 咏陈毅 ; 咏罗荣桓 ; 咏徐向前 ; 咏聂荣臻 ; 咏叶剑英 ; 咏决战之夜 ; 著名革命英烈杂咏 (组诗) ; 咏李大钊 ; 咏周文雍、陈铁军 ; 咏夏明翰等。
●
相关链接 在E读中查询图书 在五车中查询图书 在当当中查询图书 在豆瓣中查询图书


正题名:山登绝顶     索取号:I227.7/794         预约/预借

序号 登录号 条形码 馆藏地/架位号 状态 备注
1 1397086   213970862   第一样本阅览室/ [索取号:I227.7/794] 在馆    
2 1397087   213970871   第二借阅区/ [索取号:I227.7/794] 在馆    
3 1397088   213970880   第二借阅区/ [索取号:I227.7/794] 在馆    
4 1397089   213970899   第二借阅区/ [索取号:I227.7/794] 在馆    
唐山师范学院图书馆 欢迎您!
大连网信软件有限公司© 版权所有